| 000 | 01053cam a2200253 4500 | ||
|---|---|---|---|
| 001 | ABS64087 | ||
| 008 | 000000n2001 000 0 eng u | ||
| 035 | _a(Sirsi) u113079 | ||
| 100 | _aAtkinson, D. | ||
| 245 | _aWhen is a bond binding? | ||
| 260 | _c2001 | ||
| 490 |
_aConstruction News _v(6719) 7 June 2001, 34(1) |
||
| 520 | _aExamines the courts' attitude towards the contractual force of security bonds inserted in construction contracts for the purposes of security in the event of non-performance, delay or some other contractual default, especially where there is an attempt to exercise one's rights in relation to the bond where arbitration proceedings are already underway. | ||
| 590 | _aABS | ||
| 650 | _aBONDS | ||
| 650 | _aARBITRATION PROCEEDINGS | ||
| 650 | _aLIQUIDATED DAMAGES | ||
| 650 | _aEXTENSIONS OF TIME | ||
| 650 | _aLATE COMPLETION | ||
| 650 | _aDEFECTS CORRECTION CERTIFICATE | ||
| 650 | _aALSTOM COMBINED CYCLES LTD V AEGON INSURANCE CO | ||
| 690 | _aBUILT ENVIRONMENT-BUILDING CONTRACT FORMS | ||
| 942 | _n0 | ||
| 999 |
_c67317 _d67317 |
||